Artistes Présents au Golden Coast - Statistiques

Statistiques générales
  • Ce quiz a été pris 7 fois
  • Le résultat moyen est 16 sur 46
Statistiques - réponses
Réponse % Correct
Booba
86%
Sch
86%
Sdm
86%
Zola
86%
Bu$hi
71%
La fève
71%
Djadja et Dinaz
57%
Favé
57%
Houdi
57%
Josman
57%
Luther
57%
Ninho
57%
So la lune
57%
Vladimir Cauchemar
57%
Yamê
57%
Fonky Family
43%
Jungeli
43%
Lala &ce
43%
Lesram
43%
Luidji
43%
Rounhaa
43%
Tif
43%
Vacra
43%
Yvnnis
43%
Zamdane
43%
Lbd
29%
Maureen
29%
Doria
14%
Hugo TSR
14%
Kay the Prodigy
14%
Kid exotic
14%
Youssef Swatt's
14%
Andy 4000
0%
Angie & Laluzi
0%
Bamby
0%
Jeune pouce
0%
Jyeuhair
0%
Lil rosy & Zepequenai
0%
Merveille
0%
Minimal
0%
Naomi
0%
O?ni
0%
Siiré
0%
Swave
0%
Tigarah
0%
Urumi
0%
Aucun quiz correspondant
Distribution des résultats
% des personnes avec chaque résultat
Percentile par nombre de réponses
Votre historique - résultats
Vous n’avez pas pris ce quiz